Willis's elements of quantity surveying (Record no. 43551)

MARC details
000 -LEADER
fixed length control field 00461nam a2200193Ia 4500
020 ## - INTERNATIONAL STANDARD BOOK NUMBER
ISBN 9781119633181
050 ## - CALL MARK
Classification number TH 435 .S26/
100 ## - STATEMENT OF RESPONSIBILITY--MAIN AUTHOR NAME
Personal name Lee, Sandra
245 #0 - TITLE STATEMENT
Title Willis's elements of quantity surveying
250 ## - EDITION / VOLUME STATEMENT
Edition / Volume statement 13th ed.
260 ## - PUBLICATION, DISTRIBUTION, ETC. (IMPRINT)
Place of publication United Kingdom
260 ## - PUBLICATION, DISTRIBUTION, ETC. (IMPRINT)
Name of publisher Wiley-Blackwell
260 ## - PUBLICATION, DISTRIBUTION, ETC. (IMPRINT)
Year of publication 2020
300 ## - PHYSICAL DESCRIPTION
Number of Pages 320 p
650 ## - SUBJECT ADDED ENTRY--TOPICAL TERM
Topical Term United Kingdom
942 ## - ADDED ENTRY ELEMENTS (KOHA)
Koha item type Books
Holdings
Withdrawn status Lost status Source of classification or shelving scheme Damaged status Not for loan Permanent Location Current Location Shelving location Date acquired Accession Number Price effective from Koha item type
    Library of Congress Classification     NILE UNIVERSITY OF NIGERIA - MAIN LIBRARY NILE UNIVERSITY OF NIGERIA - MAIN LIBRARY Items on shelf 06/03/2025 0193200 06/03/2025 Books
    Library of Congress Classification     NILE UNIVERSITY OF NIGERIA - MAIN LIBRARY NILE UNIVERSITY OF NIGERIA - MAIN LIBRARY Items on shelf 06/03/2025 0193201 06/03/2025 Books